000 00773nam a2200241 i 4500
001 10860
003 ES-MaACL
005 20250811232014.0
007 t|
008 920109s1991 sp a |||| | spa j
020 _a84-7600-907-0
080 _a7.034/.036(728/729)
100 1 _aGómez Piñol, Emilio.
_958116
245 1 4 _aLas artes plásticas en Centroamérica y el Caribe /
_cEmilio Gómez Piñol.
260 _aTorrejón de Ardoz :
_bAkal,
_cD.L. 1991.
300 _a63 p :
_bil. col. y n. ;
_c24 cm.
490 1 _aAkal Las Américas. Arte ;
_v39
650 4 _aArte-
_zAmérica central
_910070
650 1 7 _aArte caribeño
_2embne
_9168727
830 0 0 _aAkal.
_pLas Américas
_v39
_9231693
852 _aES-MaACL
_jL-18195
999 _c10860
_d10860